000
00325nam a22001337a 4500
008
171010b xxu||||| |||| 00| 0 eng d
020
_a
0669996483
041
_a
eng
080
_2
3 ED
_a
316
100
_a
50
101
_a
SOC
245
_a
SOCIOLOGY SOCIAL SCIENCE AND SOCIAL CONCERN
_c
RANKIN.R.P
942
_2
udc
_c
BK
999
_c
32991
_d
32991